| 000 | 00688cac a22002171u 4500 | ||
|---|---|---|---|
| 008 | 081105t1999 inuill |r|||| 00| 0 eng d | ||
| 010 | _a98088367 | ||
| 020 | _a0672315327 | ||
| 020 | _a9780672315329 | ||
| 082 | 0 | 0 |
_a004.165 _bNOR _222 |
| 100 |
_aNorton, Peter, _9861 |
||
| 245 | 1 | 0 |
_aPeter Norton's inside the PC / _cPeter Norton, John Goodman. |
| 246 | 3 | 0 | _aInside the PC |
| 250 | _a8th ed. | ||
| 260 |
_aIndianapolis, IN : _bSams, _cc1999. |
||
| 300 |
_axxiv, 816 p. : _bill. ; _c23 cm. |
||
| 650 | 0 |
_aIBM microcomputers. _933446 |
|
| 650 | 0 |
_aIBM Personal System/2 (Computer system) _933447 |
|
| 700 | 1 |
_aGoodman, John M., _d1939- _933448 |
|
| 942 |
_cBB _k004.165 NOR _2ddc |
||
| 999 |
_c723 _d723 |
||